| 000 | 00371pab a2200145 454500 | ||
|---|---|---|---|
| 008 | 180718b2005 xxu||||| |||| 00| 0 eng d | ||
| 100 | _aAlok Kumar | ||
| 245 | _aMonopsony and labour market flows and policies | ||
| 260 | _c2005 | ||
| 300 | _ap.463-74. | ||
| 362 | _aJul-Sep | ||
| 650 | _aLabour market | ||
| 773 | _aIndian Journal of Labour Economics | ||
| 909 | _a68884 | ||
| 999 |
_c68884 _d68884 |
||